| 000 | 00738nam a22002057a 4500 | ||
|---|---|---|---|
| 003 | OSt | ||
| 005 | 20221006145932.0 | ||
| 008 | 221006b |||||||| |||| 00| 0 eng d | ||
| 040 | _cBiblioteca Lado V | ||
| 082 |
_a750 _bAR659t |
||
| 100 |
_983 _aArakistain, Xabier _ecuradora |
||
| 245 |
_aTrans Sexual Express/ _bA Classic for the third millennium/ |
||
| 260 |
_aBarcelona _bCentre d' Art Santa Monica _c2001 |
||
| 300 |
_a184p. _c17x23cm |
||
| 650 |
_2Tesauro de Arte & Arquitectura _aTRANSEXUALIDAD |
||
| 650 |
_2Tesauro de Arte & Arquitectura _aSEXUALIDAD Y GENERO |
||
| 650 |
_2Tesauro de Arte & Arquitectura _aPOLEMICAS DE SEXO |
||
| 700 |
_984 _aMartinez, Rosa _ecuradora |
||
| 942 |
_2ddc _c1 _h750 _iAR659t _n0 |
||
| 999 |
_c2193 _d2193 |
||